Villes sur les fleuves européens aléatoires - Statistiques

Statistiques générales
  • Ce quiz a été pris 541 fois
  • Le résultat moyen est 9 sur 20
Réponses sur la Carte
Les réponses sont colorées sur une échelle allant du rouge au vert en fonction du pourcentage des utilisateurs qui les ont devinées à leur premier essai. Vous pouvez retrouver ces pourcentages ci-dessous.
 
Statistiques - réponses
Groupe Ville % Correct
r3 Bordeaux
100%
r1 Londres
100%
r1 Paris
100%
r3 Toulouse
100%
r3 Francfort-sur-le-Main
94%
r4 Lyon
94%
r2 Nantes
93%
r2 Rome
90%
r1 Le Havre
88%
r2 Tours
88%
r1 Vienne
88%
r3 Strasbourg
86%
r2 Orléans
85%
r4 Lisbonne
84%
r1 Belgrade
83%
r1 Rouen
83%
r4 Berlin
81%
r1 Budapest
80%
r2 Hambourg
80%
r2 Angers
78%
r3 Rotterdam
77%
r2 Kiev
75%
r2 Prague
73%
r4 Genève
72%
r4 Varsovie
72%
Groupe 3 Bâle
71%
r3 Cologne
69%
r3 Düsseldorf
63%
r4 Lausanne
63%
r4 Avignon
59%
r4 Arles
56%
r4 Belgrade
56%
r4 Cracovie
56%
r4 Zagreb
56%
r1 Bratislava
54%
r1 Dortmund
54%
r4 Ljubljana
50%
r3 Bonn
49%
r2 Brême
48%
r2 Dresde
48%
r4 Gdańsk / Dantzig
47%
r3 Mannheim
43%
r3 Utrecht
43%
r3 Volgograd
43%
r1 Oxford
41%
r3 Nijni Novgorod
40%
r1 Essen
32%
r3 Kazan
31%
r4 Tolède
28%
r3 Duisbourg
26%
r3 Wrocław / Vratislavie
23%
r1 Linz
22%
r2 Dnipro
20%
r1 Duisbourg
20%
r4 Potsdam
19%
r2 Ostie
18%
r1 Novi Sad
17%
r3 Szczecin
17%
Groupe 1 Ulm
17%
r1 Ingolstadt
15%
r1 Győr
12%
r1 Ratisbonne
12%
r3 Ostrava
11%
r3 Wiesbaden
11%
r1 Bochum
10%
r2 Bremerhaven
10%
r2 Pérouse
10%
r4 Bydgoszcz / Bidgostie
9%
Groupe 4 Cottbus
9%
r2 Dessau
8%
r2 Magdebourg
8%
r2 Zaporijjia
8%
r4 Brandebourg
6%
r4 Kranj
6%
Groupe 2 Budějovice
5%
r1 Galați
5%
r2 Cassel
3%
r3 Karlsruhe
3%
r2 Wittemberg
3%
r4 Brčko
0%
Aucun quiz correspondant
Distribution des résultats
% des personnes avec chaque résultat
Percentile par nombre de réponses
Votre historique - résultats
Vous n’avez pas pris ce quiz